| 000 | 01873cam a22004814i 4500 | ||
|---|---|---|---|
| 003 | PE-LiUPU | ||
| 005 | 20250731173546.0 | ||
| 008 | 150616s r 000 0 d | ||
| 035 | _a(Sirsi) a9300 | ||
| 040 |
_aPE-LiUPU _bspa _cPE-LiUPU _erda |
||
| 049 | _aPRUA | ||
| 082 | 0 | 4 |
_a220.075 _bE 1991 _221 |
| 110 | 2 | _aInstituto Ecuménico de Pós-graduaçao em Ciencias da Relig. | |
| 245 | 1 | 0 | _aBibliografía Bíblica Latino-Americana 1991. |
| 264 | 1 |
_aSao Paulo, Brasil : _bEditora Vozes, _c1992. |
|
| 300 |
_a434 páginas ; _c21 cm. |
||
| 336 |
_atext _2rdacontent |
||
| 337 |
_aunmediated _2rdamedia |
||
| 338 |
_avolume _2rdacarrier |
||
| 505 | 0 | _aInterpretación -- Historia -- Biblia -- Antiguo testamento -- Nuevo testamento. | |
| 526 | _aSEG42 | ||
| 526 | _aSEG41 | ||
| 526 | _aSEG40 | ||
| 526 | _aSEG39 | ||
| 526 | _aP94 | ||
| 526 | _aP87 | ||
| 526 | _aP86 | ||
| 526 | _aP85 | ||
| 526 | _aP77 | ||
| 526 | _aP76 | ||
| 526 | _aP35 | ||
| 630 |
_aBiblia _zAmérica Latina _xBibliografías. |
||
| 910 |
_ajck _bjvq _cjck |
||
| 942 |
_2ddc _cBOOK |
||
| 949 |
_a220.075 E 1991 _wDEWEY _c1 _i40478 _lCCODEBUL1 _mBUL _p00.00 _r0 _sY _tBOOK _u2015-04-23 _xBIBLIOTECA _zUNKNOWN _0COMPRA _o.STAFF. Colección General |
||
| 949 |
_a220.075 E 1991 _wDEWEY _c2 _i42773 _lCCODEBUL1 _mBUL _p00.00 _r0 _sY _tBOOK _u19970422 _xTEOLOGIA _zUNKNOWN _0COMPRA _o.STAFF. Colección General |
||
| 994 |
_aC0 _bPEPRU |
||
| 596 | _a1 | ||
| 999 |
_a220.075 E 1991 _wDEWEY _c60738 _i40478 _f2021-11-9 _g5 _lCCODEBUL1 _mBUL _r0 _sY _tBOOK _u2015-4-23 _xTEOLOGIA _zUNKNOWN _0COMPRA _o.STAFF. Colección General _d60738 |
||
| 999 |
_a220.075 E 1991 _wDEWEY _c2 _i42773 _f2021-11-9 _g5 _lCCODEBUL1 _mBUL _r0 _sY _tBOOK _u2015-6-16 _xTEOLOGIA _zUNKNOWN _0COMPRA _o.STAFF. Colección General |
||
| 980 |
_81 _gALBERTO SANCHEZ Responsable de Automatización |
||